Conceptual history of psychology: the mind through time (Record no. 1227495)

MARC details
000 -LEADER
fixed length control field 00615nam a2200217Ia 4500
005 - DATE AND TIME OF LATEST TRANSACTION
control field 20241129110141.0
008 - FIXED-LENGTH DATA ELEMENTS--GENERAL INFORMATION
fixed length control field 241129s9999||||xx |||||||||||||| ||und||
020 ## - INTERNATIONAL STANDARD BOOK NUMBER
International Standard Book Number 978-1-3503-2819-8
037 ## - SOURCE OF ACQUISITION
Stock number TB
040 ## - CATALOGING SOURCE
Original cataloging agency ARTS
Language of cataloging eng
Transcribing agency ARTS
041 ## - LANGUAGE CODE
Language code of text/sound track or separate title eng
Source of code eng
084 ## - COLON CLASSIFICATION NUMBER
Classification number Sv R3
Assigning agency ARTS
100 ## - MAIN ENTRY--PERSONAL NAME
Personal name Hughes Brian Au.
9 (RLIN) 727408
245 #0 - TITLE STATEMENT
Title Conceptual history of psychology: the mind through time
Statement of responsibility, etc. Hughes Brian Au.
260 ## - PUBLICATION, DISTRIBUTION, ETC.
Place of publication, distribution, etc. UK
Name of publisher, distributor, etc. Bloomsbury Academic
Date of publication, distribution, etc. 2022
300 ## - PHYSICAL DESCRIPTION
Extent xxii,452p.
365 ## - TRADE PRICE
Price type code UKP
Price amount 39.99
650 ## - SUBJECT ADDED ENTRY--TOPICAL TERM
Topical term or geographic name entry element PsychologHistory
9 (RLIN) 727409
942 ## - ADDED ENTRY ELEMENTS (KOHA)
Koha item type Textbook
Classification part Sv R3
Holdings
Withdrawn status Lost status Damaged status Not for loan Home library Current library Date acquired Source of acquisition Cost, normal purchase price Inventory number Total Checkouts Full call number Barcode Date last seen Price effective from Koha item type
        Arts Library Arts Library 2024-11-29 Elite Publishers Distributors 39.99 14888 & 25/01/2024   Sv R3 AL1803529 2024-11-29 2024-11-29 Textbook
Copyright @ Delhi University Library System